Airline Tails Picture Quiz #1 - Statistics

General Stats
  • This quiz has been taken 305 times
  • The average score is 12 of 15
Answer Stats
Picture Answer % Correct
EasyJet
94%
American Airlines
92%
British Airways
91%
KLM
91%
Aer Lingus
90%
Qantas
89%
Air Canada
88%
Lufthansa
88%
Ryanair
86%
Delta
82%
Emirates
80%
Korean Air
79%
Air France
78%
Ethiopian Airlines
54%
AirAsia
26%
No matching quizzes found
Score Distribution
Percent of People with Each Score
Percentile by Number Answered
Your Score History
You have not taken this quiz